<?xml version="1.0" encoding="UTF-8"?><?xml-stylesheet type="text/xsl" href="static/style.xsl"?><OAI-PMH xmlns="http://www.openarchives.org/OAI/2.0/" xmlns:xsi="http://www.w3.org/2001/XMLSchema-instance" xsi:schemaLocation="http://www.openarchives.org/OAI/2.0/ http://www.openarchives.org/OAI/2.0/OAI-PMH.xsd"><responseDate>2026-04-18T02:11:36Z</responseDate><request verb="GetRecord" identifier="oai:www.recercat.cat:2072/439620" metadataPrefix="marc">https://recercat.cat/oai/request</request><GetRecord><record><header><identifier>oai:recercat.cat:2072/439620</identifier><datestamp>2025-05-02T02:37:25Z</datestamp><setSpec>com_2072_98</setSpec><setSpec>col_2072_378192</setSpec></header><metadata><record xmlns="http://www.loc.gov/MARC21/slim" xmlns:dcterms="http://purl.org/dc/terms/" xmlns:xsi="http://www.w3.org/2001/XMLSchema-instance" xmlns:doc="http://www.lyncode.com/xoai" xsi:schemaLocation="http://www.loc.gov/MARC21/slim http://www.loc.gov/standards/marcxml/schema/MARC21slim.xsd">
   <leader>00925njm 22002777a 4500</leader>
   <datafield ind2=" " ind1=" " tag="042">
      <subfield code="a">dc</subfield>
   </datafield>
   <datafield ind2=" " ind1=" " tag="720">
      <subfield code="a">García Nogueroles, Juan Miguel</subfield>
      <subfield code="e">author</subfield>
   </datafield>
   <datafield ind2=" " ind1=" " tag="260">
      <subfield code="c">2009</subfield>
   </datafield>
   <datafield ind2=" " ind1=" " tag="520">
      <subfield code="a">El objetivo principal de este paper es reflexionar sobre las transformaciones tanto en los mercados de trabajo como en las formas concretas en que se produce este hecho social. Durante la exposición se pretenden abordar los principales vectores de cambio, causas del proceso de mutación general, haciendo especial hincapié en los procesos de segmentación del mercado de trabajo, en el proceso de terciarización de la economía y en los nuevos tipos de trabajadores y trabajo que son producto de la nueva situación. E este sentido se ofrecen algunos datos que ayudan a comprender la composición de los nuevos trabajadores -quiénes son- y su situación real, incluyendo sus condiciones de vida, pues no está de más recordar que los trabajadores son también ciudadanos y que es el trabajo que desarrollan en el mercado una de las fuentes de la ciudadanía.</subfield>
   </datafield>
   <datafield tag="653" ind2=" " ind1=" ">
      <subfield code="a">Mercado de trabajo</subfield>
   </datafield>
   <datafield tag="653" ind2=" " ind1=" ">
      <subfield code="a">Segmentación del mercado de trabajo</subfield>
   </datafield>
   <datafield ind2="0" ind1="0" tag="245">
      <subfield code="a">Segmentación, precariedad y nueva ciudadanía. Consecuencias de los cambios en el modelo de empleo</subfield>
   </datafield>
</record></metadata></record></GetRecord></OAI-PMH>